Introduction to applied Bayesian statistics and estimation for social scientists (Record no. 3903)

MARC details
000 -LEADER
fixed length control field 00594 a2200157 4500
000 - LEADER
fixed length control field BKB
001 - CONTROL NUMBER
control field 070458
005 - DATE AND TIME OF LATEST TRANSACTION
control field 20200902150831.0
008 - FIXED-LENGTH DATA ELEMENTS--GENERAL INFORMATION
fixed length control field
082 ## - DEWEY DECIMAL CLASSIFICATION NUMBER
Classification number 300.1519542
Item number L99I
100 1# - MAIN ENTRY--PERSONAL NAME
Personal name Lynch, Scott M.
245 1# - TITLE STATEMENT
Title Introduction to applied Bayesian statistics and estimation for social scientists
Statement of responsibility, etc by Scott M. Lynch
260 ## - PUBLICATION, DISTRIBUTION, ETC. (IMPRINT)
Place of publication, distribution, etc New York
Name of publisher, distributor, etc Springer
Date of publication, distribution, etc 2007
300 ## - PHYSICAL DESCRIPTION
Extent 357p.
690 ## - LOCAL SUBJECT ADDED ENTRY--TOPICAL TERM (OCLC, RLIN)
Topical term or geographic name as entry element Social sciences--Statistical methods; Bayesian statistical decision theory; Social sciences; Social sciences--Methodology; Statistics; Demography
Holdings
Withdrawn status Lost status Damaged status Not for loan Home library Current library Date acquired Cost, normal purchase price Total Checkouts Full call number Barcode Date last seen Price effective from Koha item type
        Central University Of Rajasthan Central University Of Rajasthan 07/03/2012 4217.85   300.1519542 L99I 4745 21/11/2024 02/09/2020 Books